| 000 | 00791cam a22002533a 4500 | ||
|---|---|---|---|
| 001 | 12678 | ||
| 003 | PGUSA | ||
| 005 | 20140828083255.0 | ||
| 008 | 040601s2004||||xxu|||||s|||||000 1 eng d | ||
| 040 |
_aPGUSA _beng |
||
| 042 | _adc | ||
| 050 | 4 | _aPS | |
| 100 | 1 |
_aIrwin, Will, _d1873-1948 |
|
| 245 | 1 | 4 |
_aThe House of Mystery : _bAn Episode in the Career of Rosalie Le Grange, Clairvoyant _h[electronic resource] / _cWill Irwin |
| 260 |
_bProject Gutenberg, _c2004 |
||
| 506 | _aPublic domain in the USA. | ||
| 516 | _aElectronic text | ||
| 653 | _aDetective and mystery stories | ||
| 653 | _aClairvoyants -- Fiction | ||
| 700 | 1 |
_aYohn, F. C. _q(Frederick Coffay), _d1875-1933 |
|
| 830 | 0 |
_aProject Gutenberg _v12678 |
|
| 856 | 4 | 0 | _uhttp://www.gutenberg.org/ebooks/12678 |
| 942 | _cEB | ||
| 999 |
_c241933 _d241933 |
||